Luật Đấu thầu

Trình bày nội dung luật đấu thầu gồm 96 điều với các phần qui định chung; hình thức, phương thức lựa chọn nhà thầu, nhà đầu tư và tổ chức đấu thầu chuyên nghiệp; kế hoạch và quy trình lựa chọn nhà thầu; phương pháp đánh giá hồ sơ dự thầu, hồ sơ đề xuất; xét duyệt trúng thầu......

Descrizione completa

Salvato in:
Dettagli Bibliografici
Lingua:Undetermined
Pubblicazione: Hà Nội Chính trị Quốc gia - Sự thật 2014
Soggetti:
Tags: Aggiungi Tag
Nessun Tag, puoi essere il primo ad aggiungerne! !
Thư viện lưu trữ: Trung tâm Học liệu Trường Đại học Trà Vinh
LEADER 00913nam a2200205Ia 4500
001 TVU_22016
008 210423s9999 xx 000 0 und d
020 |a 9786045703373 
041 |a Vie 
082 |a 346.597092 
082 |b L504 
245 0 |a Luật Đấu thầu 
260 |a Hà Nội 
260 |b Chính trị Quốc gia - Sự thật 
260 |c 2014 
300 |a 122 tr. 
300 |c 19 cm 
520 |a Trình bày nội dung luật đấu thầu gồm 96 điều với các phần qui định chung; hình thức, phương thức lựa chọn nhà thầu, nhà đầu tư và tổ chức đấu thầu chuyên nghiệp; kế hoạch và quy trình lựa chọn nhà thầu; phương pháp đánh giá hồ sơ dự thầu, hồ sơ đề xuất; xét duyệt trúng thầu... 
650 |a Đầu tư; Đấu thầu; Văn bản pháp luật 
980 |a Trung tâm Học liệu Trường Đại học Trà Vinh